| 000 | 00671nam a22002057a 4500 | ||
|---|---|---|---|
| 003 | OSt | ||
| 005 | 20251124161828.0 | ||
| 008 | 251124b |||||||| |||| 00| 0 eng d | ||
| 020 | _a0-07-146825-0. | ||
| 040 |
_aDWCL-Main lib _cOC |
||
| 082 | _aCirc. 690.0218 T241c 2006 | ||
| 100 | _aTaylor, Gil L. | ||
| 245 |
_aConstruction code and inspection handbook _cTaylor, Gil L. |
||
| 260 |
_aN. Y. : _bMcGraw-Hill, _cc2006. |
||
| 300 |
_axvi, 638 pages : _billustration ; _c27 cm. |
||
| 504 | _aIncludes index. | ||
| 650 | _21. Building inspection-Handbooks, manuals, etc. | ||
| 650 | _22. Building specifications-Handbooks, manuals, etc. | ||
| 942 |
_2ddc _cBK-CIRC _kCirc.. _n0 |
||
| 999 |
_c6136 _d6136 |
||